| 000 | 00511nam a2200169Ia 4500 | ||
|---|---|---|---|
| 005 | 20250423101057.0 | ||
| 008 | 250422s9999 xx 000 0 und d | ||
| 020 | _a9781788122553 | ||
| 050 | _aRA 971 .F66/ | ||
| 100 | _aFong, Ben Y. F. | ||
| 245 | 0 | _aSystems thinking and sustainable healthcare delivery | |
| 260 | _aNew York | ||
| 260 | _bRoutledge | ||
| 260 | _c2023 | ||
| 650 | _a Delivery of Health Care--organization & administration Sustainable Development Community Health Services | ||
| 942 | _cBK | ||
| 999 |
_c35213 _d35213 |
||